00470 2200181 4500001002100000005001500021035002000036245003400056100001900090250001100109300002900120260003800149082001000187084001600197020001800213008004100231990001600272INLIS00000000000092020240213023938 a0010-02240000151 aAyam Pelung /cTim Penulis PS0 aTim Penulis PS aCet II a92 :bilus ;c14 x 21 cm aJakarta :bPenebar Swadaya,c1994 a636.5 a636.5 TIM a a979-489-151-7240213 g 0 ind  a00000002713